000 00664nam a2200181Ia 4500
008 100920s9999 xx 000 0 und d
082 _b72456
_a24 थ 95
100 _aअनु .पोतदार रमेश/ वेर्नर डेव्डिड
245 _aडॉक्टरनसेल तेथे.
260 _bसुमंगल पब्लिशिंग कंपनी, मुंबई.
_c1995
300 _a263
_bसाधी
365 _b70
520 _aसायो.
630 _aडॉक्टरनसेल तेथे.
650 _aसायो.
730 _aडॉक्टरनसेल तेथे.
942 _cBOOK
999 _c714233
_d714230